[Event "Stuttgart-chB int"]
[Site "Ditzingen"]
[Date "2006.05.27"]
[Round "5"]
[White "Grosch, Ulrich"]
[Black "Wenzel, Ulrich"]
[Result "1-0"]
[WhiteElo "1819"]
[BlackElo "1651"]
[PlyCount "57"]
[EventDate "2006.05.25"]
[EventType "swiss"]
[EventRounds "7"]
[EventCountry "GER"]
[SourceTitle "EXT 2018"]
[Source "ChessBase"]
[SourceDate "2017.10.13"]
[SourceVersion "1"]
[SourceVersionDate "2017.10.13"]
[SourceQuality "1"]

1. e4 c6 2. d4 d5 3. exd5 cxd5 4. c4 Nf6 5. Nc3 e6 6. Nf3 Be7 7. Bd3 dxc4 8. Bxc4 0-0 9. 0-0 Nbd7 10. Bg5 Nb6 11. Be2 Nfd5 12. Bxe7 Qxe7 13. Qd2 Nxc3 14. bxc3 Bd7 15. c4 Rfc8 16. c5 Nd5 17. Rfc1 Bc6 18. Ne5 f6 19. Nc4 b6 20. Nd6 Rc7 21. f4 e5 22. dxe5 Nxf4 23. Qxf4 fxe5 24. Bc4+ Kh8 25. Nf7+ Kg8 26. Nxe5+ Kh8 27. Nf7+ Kg8 28. Nd6+ Kh8 29. Re1 1-0